000
00288nam a2200121 a 4500
008
101208s1955|||| d
245
1
0
_a
Postavy ruského umenia
100
1
_a
Nikulin, L.
260
_c
1955
_b
Svet socializmu
_a
Bratislava
020
_c
16
041
_a
slo
044
_a
xo
_c
SK
999
_c
14936
_d
14936